[Event "HUN-chT2 Erkel 1516"]
[Site "Hungary"]
[Date "2015.10.18"]
[Round "3.8"]
[White "Karpati, Kende Vajk"]
[Black "Nagy, Karoly"]
[Result "1/2-1/2"]
[WhiteElo "2001"]
[BlackElo "2074"]
[PlyCount "77"]
[EventDate "2015.09.13"]
[EventType "team-tourn"]
[EventRounds "11"]
[EventCountry "HUN"]
[SourceTitle "CBM 170 Extra"]
[Source "ChessBase"]
[SourceDate "2016.02.25"]
[SourceVersion "1"]
[SourceVersionDate "2016.02.25"]
[SourceQuality "1"]
[WhiteTeam "Foti"]
[BlackTeam "Jaszbereny"]
[WhiteTeamCountry "HUN"]
[BlackTeamCountry "HUN"]

1. d4 d5 2. Nf3 e6 3. c4 c6 4. Nc3 f5 5. g3 Nf6 6. Bg2 Bd6 7. 0-0 0-0 8. b3 Bd7 9. Bb2 Be8 10. Ne5 Nbd7 11. f4 Bh5 12. c5 Bxe5 13. fxe5 Ne4 14. Bf3 Qg5 15. Qd3 Bg4 16. Bc1 Qg6 17. b4 Bh3 18. Bg2 Bxg2 19. Kxg2 Qh5 20. Qf3 Qe8 21. Nxe4 fxe4 22. Qg4 Rxf1 23. Kxf1 Qf7+ 24. Kg2 a5 25. Bd2 axb4 26. Bxb4 Rf8 27. Bd2 Qf2+ 28. Kh3 Rf5 29. Rb1 g6 30. Rxb7 Nf8 31. Bh6 Qf1+ 32. Kh4 g5+ 33. Kh5 Qf2 34. h3 Ng6 35. Rb8+ Kf7 36. Rb7+ Kg8 37. Rb8+ Kf7 38. Rb7+ Kg8 39. Rb8+ 1/2-1/2

[Event "HUN-chT2 Erkel 1415"]
[Site "Hungary"]
[Date "2015.03.22"]
[Round "8.6"]
[White "Nagy, Karoly"]
[Black "Szabolcsi, Janos"]
[Result "0-1"]
[WhiteElo "2093"]
[BlackElo "2326"]
[PlyCount "144"]
[EventDate "2014.09.28"]
[EventType "team-tourn"]
[EventRounds "9"]
[EventCountry "HUN"]
[SourceTitle "EXT 2016"]
[Source "ChessBase"]
[SourceDate "2015.10.08"]
[SourceVersion "1"]
[SourceVersionDate "2015.10.08"]
[SourceQuality "1"]
[WhiteTeam "Jaszbereny"]
[BlackTeam "Budapest MTK"]
[WhiteTeamCountry "HUN"]
[BlackTeamCountry "HUN"]

1. e4 c5 2. c4 Nc6 3. Nc3 d6 4. Nge2 g6 5. g3 Bg7 6. Bg2 e6 7. 0-0 Nge7 8. d3 0-0 9. Bd2 Rb8 10. a3 a6 11. Rb1 b5 12. cxb5 axb5 13. b4 Ba6 14. Qc1 Ne5 15. Qc2 N7c6 16. Rfd1 Qc7 17. Bf4 Rfc8 18. Qd2 Qa7 19. h3 Qe7 20. Bg5 Qf8 21. f4 Nd7 22. f5 Nd4 23. fxe6 fxe6 24. Rf1 Qe8 25. Kh1 c4 26. Nxd4 Bxd4 27. dxc4 Rxc4 28. Ne2 Be5 29. Bf4 Qe7 30. Rbd1 Rb6 31. Bxe5 Nxe5 32. Qe3 Rb8 33. Rf2 Rcc8 34. Rdf1 Nc4 35. Qh6 Rf8 36. Rxf8+ Rxf8 37. Rxf8+ Qxf8 38. Qc1 Qf2 39. Qf1 Qxf1+ 40. Bxf1 Nxa3 41. Nf4 Kf7 42. Kg2 Nc2 43. Nd3 Bb7 44. Kf3 e5 45. Bg2 Kf6 46. Ke2 Bc6 47. Kd2 Nd4 48. Ke3 Nf5+ 49. Kf2 Ne7 50. Ke3 Ke6 51. g4 d5 52. exd5+ Bxd5 53. Nc5+ Kd6 54. Bf1 Bc6 55. Ne4+ Kc7 56. Nf6 h6 57. Bd3 g5 58. Kf2 Kd6 59. Kg3 Ke6 60. Ne4 Nd5 61. Nc5+ Kd6 62. Na6 Nc3 63. Nc5 e4 64. Bc2 Ke5 65. Kf2 Na2 66. Ke3 Nxb4 67. Bxe4 Bxe4 68. Nxe4 Nd5+ 69. Kf3 b4 70. Nc5 Kd4 71. Ne6+ Kc4 72. Ke4 b3 0-1

[Event "HUN-chT2 Toth 1213"]
[Site "Hungary"]
[Date "2013.04.07"]
[Round "10.7"]
[White "Fekete, Istvan"]
[Black "Nagy, Karoly"]
[Result "0-1"]
[WhiteElo "1498"]
[BlackElo "2121"]
[PlyCount "82"]
[EventDate "2012.09.16"]
[EventType "team-tourn"]
[EventRounds "11"]
[EventCountry "HUN"]
[SourceTitle "EXT 2014"]
[Source "ChessBase"]
[SourceDate "2013.11.20"]
[SourceVersion "1"]
[SourceVersionDate "2013.11.20"]
[SourceQuality "1"]
[WhiteTeam "Debrecen Sakkbaratok"]
[BlackTeam "Ujszasz"]
[WhiteTeamCountry "HUN"]
[BlackTeamCountry "HUN"]

1. e4 d6 2. Nf3 Nf6 3. Nc3 Bg4 4. h3 Bh5 5. Bb5+ c6 6. Be2 Qa5 7. 0-0 Nbd7 8. d4 e5 9. dxe5 dxe5 10. g4 Bg6 11. Bd3 h6 12. Nh4 Bc5 13. Qf3 Be7 14. Nf5 Bxf5 15. Qxf5 Qc7 16. Be3 g5 17. Qf3 Nf8 18. Bc4 Ng6 19. Qe2 Nf4 20. Bxf4 gxf4 21. Rad1 Nh7 22. Kh2 Ng5 23. f3 h5 24. Rg1 Bc5 25. h4 Bxg1+ 26. Rxg1 hxg4 27. Rxg4 Ne6 28. Bxe6 fxe6 29. Qc4 Qe7 30. Kg2 0-0-0 31. Kh3 Rd4 32. Qe2 Qb4 33. Qg2 Rdd8 34. Qf2 Kb8 35. Qe2 Qxb2 36. Qc4 Qxc2 37. Qc5 Ka8 38. Qxe5 Rhf8 39. Rg7 Qf2 40. Qh5 Rd3 41. Rxb7 Qg3# 0-1

[Event "HUN-chT2 Erkel 1112"]
[Site "Hungary"]
[Date "2012.03.25"]
[Round "8.9"]
[White "Ruck, Robert1"]
[Black "Nagy, Karoly"]
[Result "1/2-1/2"]
[WhiteElo "1942"]
[BlackElo "2122"]
[PlyCount "131"]
[EventDate "2011.09.25"]
[EventType "team-tourn"]
[EventRounds "11"]
[EventCountry "HUN"]
[SourceTitle "EXT 2013"]
[Source "ChessBase"]
[SourceDate "2012.11.22"]
[SourceVersion "1"]
[SourceVersionDate "2012.11.22"]
[SourceQuality "1"]
[WhiteTeam "Sarkany"]
[BlackTeam "Ujszasz"]
[WhiteTeamCountry "HUN"]
[BlackTeamCountry "HUN"]

1. e4 d6 2. d4 Nf6 3. Nc3 c6 4. f3 Nbd7 5. Be3 e5 6. Qd2 a5 7. g4 Be7 8. Nge2 a4 9. a3 Qa5 10. Ng3 exd4 11. Bxd4 Ne5 12. Be2 0-0 13. g5 Ne8 14. f4 c5 15. Be3 Nc6 16. 0-0-0 Nc7 17. f5 Nd4 18. f6 Bd8 19. h4 Nce6 20. fxg7 Kxg7 21. Nf5+ Nxf5 22. exf5 Nd4 23. Bxd4+ cxd4 24. Qxd4+ Kg8 25. g6 hxg6 26. fxg6 fxg6 27. Rdg1 Bf5 28. Bc4+ Kh7 29. h5 g5 30. Ne4 Qe5 31. Qxe5 dxe5 32. Nxg5+ Bxg5+ 33. Rxg5 Kh6 34. Rhg1 Rac8 35. Rxf5 Rxf5 36. Be6 Rcf8 37. Bxf5 Rxf5 38. Rg4 Rf4 39. Rg6+ Kxh5 40. Rb6 Kg4 41. Rxb7 Kf3 42. Re7 e4 43. Kd2 Kf2 44. b3 Kf3 45. bxa4 Rf8 46. a5 Rd8+ 47. Ke1 Ra8 48. Re5 e3 49. Rf5+ Ke4 50. Rh5 Kd4 51. Ke2 Ra6 52. a4 Rc6 53. Rh4+ Kc3 54. Kxe3 Kxc2 55. Rb4 Ra6 56. Rb5 Kc3 57. Ke4 Kc4 58. Ke5 Rh6 59. Kf4 Ra6 60. Kg4 Kd4 61. Kf4 Kc4 62. Ke4 Re6+ 63. Kf3 Ra6 64. Ke2 Kc3 65. Kd1 Rd6+ 66. Kc1 1/2-1/2

[Event "HUN-chT2 Erkel 0910"]
[Site "Hungary"]
[Date "2010.05.02"]
[Round "11.5"]
[White "Nagy, Karoly"]
[Black "Bognar, Csaba"]
[Result "0-1"]
[WhiteElo "2127"]
[BlackElo "2248"]
[PlyCount "92"]
[EventDate "2009.11.08"]
[EventType "team-tourn"]
[EventRounds "11"]
[EventCountry "HUN"]
[SourceTitle "EXT 2011"]
[Source "ChessBase"]
[SourceDate "2010.11.26"]
[SourceVersion "1"]
[SourceVersionDate "2010.11.26"]
[SourceQuality "1"]
[WhiteTeam "Jaszbereny"]
[BlackTeam "Budapest MTK"]
[WhiteTeamCountry "HUN"]
[BlackTeamCountry "HUN"]

1. e4 d6 2. d4 Nf6 3. Nc3 g6 4. f4 Bg7 5. Nf3 0-0 6. Bd3 c5 7. d5 e6 8. 0-0 exd5 9. exd5 a6 10. a4 Ng4 11. h3 c4 12. hxg4 cxd3 13. Qxd3 Bxg4 14. Be3 Nd7 15. Bd4 Bh6 16. Qd2 Nf6 17. g3 Nh5 18. Kg2 Qd7 19. Ng1 Rfe8 20. Rae1 Qf5 21. Re3 Rxe3 22. Bxe3 Nf6 23. Rf2 Ne4 24. Nxe4 Qxe4+ 25. Kh2 Re8 26. Bb6 Qxa4 27. b3 Qe4 28. c4 Bg7 29. Nh3 Qf5 30. Ng1 Qe4 31. Nh3 Qb1 32. Qc2 Re1 33. Qxb1 Rxb1 34. Rd2 Rxb3 35. Bc7 Bc3 36. Ra2 Bxh3 37. Kxh3 Bb4 38. Kg4 h5+ 39. Kh4 Rc3 40. Re2 Rxc4 41. Re8+ Kg7 42. Bd8 Bc3 43. Kg5 Rc5 44. g4 Rxd5+ 45. f5 hxg4 46. Kxg4 gxf5+ 0-1

[Event "HUN-chT2 Erkel 0910"]
[Site "Hungary"]
[Date "2010.04.18"]
[Round "10.6"]
[White "Nagy, Karoly"]
[Black "Farsang, Peter"]
[Result "0-1"]
[WhiteElo "2127"]
[BlackElo "2116"]
[PlyCount "82"]
[EventDate "2009.11.08"]
[EventType "team-tourn"]
[EventRounds "11"]
[EventCountry "HUN"]
[SourceTitle "EXT 2011"]
[Source "ChessBase"]
[SourceDate "2010.11.26"]
[SourceVersion "1"]
[SourceVersionDate "2010.11.26"]
[SourceQuality "1"]
[WhiteTeam "Jaszbereny"]
[BlackTeam "Foti"]
[WhiteTeamCountry "HUN"]
[BlackTeamCountry "HUN"]

1. e4 c5 2. c4 Nc6 3. Ne2 Nf6 4. Nbc3 g6 5. d4 cxd4 6. Nxd4 d6 7. Be2 Bg7 8. Be3 0-0 9. h3 Ne8 10. g4 Bd7 11. g5 Qa5 12. h4 Rc8 13. 0-0 Nc7 14. Rc1 Ne6 15. Nb3 Qd8 16. Qd2 b6 17. Rfd1 Ne5 18. Nd5 Nc5 19. f3 Bc6 20. Nd4 Bb7 21. Nf4 Nc6 22. Nd5 Ne5 23. b4 Ne6 24. f4 Nc6 25. Nxc6 Bxc6 26. f5 gxf5 27. exf5 Nc7 28. Rf1 Be5 29. Bf3 Nxd5 30. cxd5 Bb5 31. Rfd1 Qd7 32. Bg4 Rxc1 33. Rxc1 Rc8 34. Rxc8+ Qxc8 35. a3 Qc4 36. Qd1 Qe4 37. Bf2 Bc4 38. Bf3 Qxf5 39. Bg2 Qf4 40. Be1 Qh2+ 41. Kf2 Qxh4+ 0-1

[Event "HUN-chT2 Erkel 0910"]
[Site "Hungary"]
[Date "2010.03.21"]
[Round "8.6"]
[White "Nagy, Karoly"]
[Black "Muhari, Istvan"]
[Result "1/2-1/2"]
[WhiteElo "2127"]
[BlackElo "2195"]
[PlyCount "66"]
[EventDate "2009.11.08"]
[EventType "team-tourn"]
[EventRounds "11"]
[EventCountry "HUN"]
[SourceTitle "EXT 2011"]
[Source "ChessBase"]
[SourceDate "2010.11.26"]
[SourceVersion "1"]
[SourceVersionDate "2010.11.26"]
[SourceQuality "1"]
[WhiteTeam "Jaszbereny"]
[BlackTeam "Ujszasz"]
[WhiteTeamCountry "HUN"]
[BlackTeamCountry "HUN"]

1. e4 c6 2. d4 d5 3. exd5 cxd5 4. c4 e6 5. Nc3 Nf6 6. Nf3 Be7 7. Bd3 dxc4 8. Bxc4 0-0 9. 0-0 Nbd7 10. Bb3 Qa5 11. Be3 b6 12. Rc1 Bb7 13. Re1 Rfd8 14. Qe2 Ba6 15. Bc4 Bxc4 16. Qxc4 Rac8 17. Qb3 Qb4 18. Qxb4 Bxb4 19. Bd2 Bxc3 20. bxc3 h6 21. h3 Rc4 22. Rc2 Rdc8 23. Rec1 Nd5 24. Kf1 b5 25. a3 a6 26. Ke2 Ra4 27. Ra2 Rac4 28. Kd3 Kf8 29. Rac2 Ra4 30. Ra2 Rac4 31. Rac2 Ke7 32. g3 Kd6 33. h4 Ra4 1/2-1/2

[Event "HUN-chT2 Erkel 0910"]
[Site "Hungary"]
[Date "2010.01.31"]
[Round "5.5"]
[White "Trajber, Csaba"]
[Black "Nagy, Karoly"]
[Result "0-1"]
[WhiteElo "2120"]
[BlackElo "2127"]
[PlyCount "96"]
[EventDate "2009.11.08"]
[EventType "team-tourn"]
[EventRounds "11"]
[EventCountry "HUN"]
[SourceTitle "EXT 2011"]
[Source "ChessBase"]
[SourceDate "2010.11.26"]
[SourceVersion "1"]
[SourceVersionDate "2010.11.26"]
[SourceQuality "1"]
[WhiteTeam "Vaci"]
[BlackTeam "Jaszbereny"]
[WhiteTeamCountry "HUN"]
[BlackTeamCountry "HUN"]

1. e4 d6 2. d4 Nf6 3. Nc3 c6 4. f4 Qa5 5. Bd3 Nbd7 6. Nf3 e5 7. Bd2 Qc7 8. Qe2 a5 9. Nd1 Be7 10. 0-0 0-0 11. Kh1 exd4 12. Nxd4 Nc5 13. Nf2 Nxd3 14. cxd3 Qb6 15. Be3 c5 16. Nf3 Ng4 17. Nxg4 Bxg4 18. h3 Bd7 19. Rf2 a4 20. g4 Bb5 21. f5 Qa6 22. Rd1 c4 23. d4 a3 24. Qd2 Rfc8 25. Rc1 d5 26. e5 axb2 27. Qxb2 Ba3 28. Qb1 Bxc1 29. Bxc1 c3 30. Ne1 Bc4 31. a3 Qb5 32. Qxb5 Bxb5 33. Nc2 Bd3 34. Nb4 Be4+ 35. Kh2 Rc4 36. Nc2 Rac8 37. Be3 Bxc2 38. Rxc2 Ra4 39. Kg3 Rxa3 40. Kf4 b5 41. Bc1 Raa8 42. g5 b4 43. e6 b3 44. Rg2 Ra7 45. exf7+ Kxf7 46. g6+ hxg6 47. fxg6+ Ke8 48. Rg5 b2 0-1

[Event "HUN-chT2 Erkel 0708"]
[Site "Hungary"]
[Date "2008.04.27"]
[Round "10"]
[White "Nagy, Karoly"]
[Black "Papista, Akos"]
[Result "0-1"]
[WhiteElo "2157"]
[BlackElo "2177"]
[PlyCount "82"]
[EventDate "2007.10.14"]
[EventType "team-tourn"]
[EventRounds "11"]
[EventCountry "HUN"]
[SourceTitle "EXT 2009"]
[Source "ChessBase"]
[SourceDate "2008.11.26"]
[SourceVersion "1"]
[SourceVersionDate "2008.11.26"]
[SourceQuality "1"]
[WhiteTeam "Jaszbereny"]
[BlackTeam "Keviterv"]
[WhiteTeamCountry "HUN"]
[BlackTeamCountry "HUN"]

1. e4 e5 2. Nc3 Nf6 3. Bc4 Nc6 4. d3 Bc5 5. Nf3 d6 6. Na4 Bb6 7. Nxb6 axb6 8. c3 Bg4 9. h3 Bh5 10. 0-0 0-0 11. Re1 Bg6 12. b4 Re8 13. Qb3 Na7 14. Qc2 b5 15. Bb3 h6 16. Nh4 Bh7 17. Nf5 Bxf5 18. exf5 Qd7 19. g4 d5 20. Qe2 Nc6 21. Bd2 Qd6 22. h4 d4 23. c4 bxc4 24. dxc4 d3 25. Qd1 e4 26. g5 Nd4 27. Kg2 Nf3 28. Rh1 Ng4 29. g6 c5 30. gxf7+ Kxf7 31. Qc1 Qd4 32. Rf1 Nxh4+ 33. Kh3 Nf3 34. Kxg4 Nxd2 35. Rh1 Qxf2 36. Qg1 Qf3+ 37. Kh4 e3 38. Qg6+ Kg8 39. Rhg1 Re4+ 40. Rg4 Rxg4+ 41. Qxg4 Qxg4+ 0-1

[Event "HUN-chT2 Erkel 0708"]
[Site "Hungary"]
[Date "2008.02.17"]
[Round "6"]
[White "Kis, Jozsef"]
[Black "Nagy, Karoly"]
[Result "1/2-1/2"]
[WhiteElo "2138"]
[BlackElo "2157"]
[PlyCount "20"]
[EventDate "2007.10.14"]
[EventType "team-tourn"]
[EventRounds "11"]
[EventCountry "HUN"]
[SourceTitle "EXT 2009"]
[Source "ChessBase"]
[SourceDate "2008.11.26"]
[SourceVersion "1"]
[SourceVersionDate "2008.11.26"]
[SourceQuality "1"]
[WhiteTeam "HMO"]
[BlackTeam "Jaszbereny"]
[WhiteTeamCountry "HUN"]
[BlackTeamCountry "HUN"]

1. e4 c5 2. Nf3 Nc6 3. Bb5 e6 4. 0-0 Nge7 5. Re1 a6 6. Bf1 Qc7 7. c3 Ng6 8. d4 cxd4 9. cxd4 Bb4 10. Nc3 0-0 1/2-1/2

[Event "HUN-chT2 Erkel 0607"]
[Site "Hungary"]
[Date "2007.04.15"]
[Round "8"]
[White "Teglas, Balazs"]
[Black "Nagy, Karoly"]
[Result "0-1"]
[WhiteElo "2021"]
[BlackElo "2157"]
[PlyCount "78"]
[EventDate "2006.11.12"]
[EventType "team-tourn"]
[EventRounds "11"]
[EventCountry "HUN"]
[SourceTitle "EXT 2008"]
[Source "ChessBase"]
[SourceDate "2007.11.25"]
[SourceVersion "1"]
[SourceVersionDate "2007.11.25"]
[SourceQuality "1"]
[WhiteTeam "Foti"]
[BlackTeam "Szekuritas"]
[WhiteTeamCountry "HUN"]
[BlackTeamCountry "HUN"]

1. d4 d5 2. c4 e6 3. Nf3 f5 4. g3 Nf6 5. Bg2 c6 6. 0-0 Bd6 7. Bf4 Be7 8. Nc3 0-0 9. c5 Bd7 10. b4 Be8 11. Qc2 Nh5 12. a4 Nxf4 13. gxf4 Qc7 14. e3 Nd7 15. Rab1 b6 16. Rfc1 Bh5 17. cxb6 Qxb6 18. Ne1 Kh8 19. a5 Qd8 20. Na4 Rc8 21. Nd3 h6 22. Rb3 Bd6 23. Rc3 Nb8 24. Nac5 Qe7 25. Ne5 Bxe5 26. dxe5 Rcd8 27. Qd2 Be8 28. Qd4 Rg8 29. Nd3 Na6 30. Nc5 Nc7 31. Bf1 Rb8 32. Rb3 Qh4 33. b5 g5 34. Kh1 Bh5 35. b6 Bf3+ 36. Bg2 Qxf2 37. Rg1 gxf4 38. Rb2 Bxg2+ 39. Rxg2 Qf1+ 0-1

[Event "HUN-chT2 Erkel 0607"]
[Site "Hungary"]
[Date "2006.11.26"]
[Round "2"]
[White "Valis, Janos"]
[Black "Nagy, Karoly"]
[Result "0-1"]
[WhiteElo "2150"]
[BlackElo "2157"]
[PlyCount "73"]
[EventDate "2006.11.12"]
[EventType "team-tourn"]
[EventRounds "11"]
[EventCountry "HUN"]
[SourceTitle "EXT 2008"]
[Source "ChessBase"]
[SourceDate "2007.11.25"]
[SourceVersion "1"]
[SourceVersionDate "2007.11.25"]
[SourceQuality "1"]
[WhiteTeam "Heesi II"]
[BlackTeam "Szekuritas"]
[WhiteTeamCountry "HUN"]
[BlackTeamCountry "HUN"]

1. e4 d6 2. d4 Nf6 3. Nc3 c6 4. f3 Nbd7 5. Be3 e5 6. Qd2 Be7 7. Nge2 b5 8. g4 Nb6 9. Ng3 b4 10. Nd1 exd4 11. Bxd4 c5 12. Be3 0-0 13. g5 Nfd7 14. f4 Bb7 15. c4 f5 16. gxf6 Nxf6 17. Nf2 Qd7 18. Rg1 Qe6 19. b3 Nxe4 20. Nfxe4 Bxe4 21. Nxe4 Qxe4 22. Bg2 Bh4+ 23. Ke2 Qe6 24. Bxa8 Rxa8 25. Rg2 Re8 26. Rag1 Bf6 27. Kf2 d5 28. Bxc5 Bh4+ 29. Kf3 Qh3+ 30. Rg3 Bxg3 31. hxg3 dxc4 32. Bxb6 axb6 33. Qd5+ Kh8 34. bxc4 h5 35. Qg5 Qh2 36. Rg2 Qh1 37. g4 0-1

[Event "HUN-chT2 Erkel 0304"]
[Site "Hungary"]
[Date "2004.04.04"]
[Round "10"]
[White "Berczes, Csaba"]
[Black "Nagy, Karoly"]
[Result "1-0"]
[WhiteElo "2310"]
[BlackElo "2192"]
[PlyCount "101"]
[EventDate "2003.09.28"]
[EventType "team-tourn"]
[EventRounds "11"]
[EventCountry "HUN"]
[SourceTitle "EXT 2009"]
[Source "ChessBase"]
[SourceDate "2008.11.26"]
[SourceVersion "1"]
[SourceVersionDate "2008.11.26"]
[SourceQuality "1"]
[WhiteTeam "Lang"]
[BlackTeam "Szekuritas"]
[WhiteTeamCountry "HUN"]
[BlackTeamCountry "HUN"]

1. e4 d6 2. d4 Nf6 3. Nc3 c6 4. f3 Nbd7 5. Be3 e5 6. Nge2 h5 7. Qd2 a5 8. a4 Be7 9. Nc1 Nf8 10. d5 h4 11. Bc4 Ng6 12. Nd3 Bd7 13. Qf2 c5 14. Bb5 Bxb5 15. Nxb5 b6 16. c3 Rb8 17. b4 Qd7 18. bxa5 bxa5 19. Nb2 Nh5 20. Nc4 Nhf4 21. Kd2 0-0 22. g4 h3 23. Bxf4 Nxf4 24. Rhb1 Qd8 25. Na7 Bh4 26. Qf1 Qg5 27. Kc2 Ng2 28. Rxb8 Rxb8 29. Nc6 Ra8 30. Qe2 Qf4 31. Rh1 Ne1+ 32. Kd1 Ng2 33. Kc2 Qf6 34. Nb6 Re8 35. Nxa5 Bg5 36. Nc6 c4 37. a5 Be3 38. Nxc4 Bc5 39. a6 Ra8 40. Nd2 g6 41. Rb1 Ne3+ 42. Kb2 Qh8 43. Nf1 Ng2 44. Kc2 Kg7 45. Rb7 Qc8 46. Kb3 Bg1 47. Qb5 Ne1 48. a7 Bxa7 49. Nxa7 Rxa7 50. Rxa7 Nxf3 51. Qd7 1-0

[Event "HUN-chT2 Erkel 0304"]
[Site "Hungary"]
[Date "2004.02.22"]
[Round "8"]
[White "Farkas, Lajos"]
[Black "Nagy, Karoly"]
[Result "1/2-1/2"]
[WhiteElo "2131"]
[BlackElo "2192"]
[PlyCount "23"]
[EventDate "2003.09.28"]
[EventType "team-tourn"]
[EventRounds "11"]
[EventCountry "HUN"]
[SourceTitle "EXT 2009"]
[Source "ChessBase"]
[SourceDate "2008.11.26"]
[SourceVersion "1"]
[SourceVersionDate "2008.11.26"]
[SourceQuality "1"]
[WhiteTeam "Godollo"]
[BlackTeam "Szekuritas"]
[WhiteTeamCountry "HUN"]
[BlackTeamCountry "HUN"]

1. e4 c5 2. Nf3 e6 3. d3 Nc6 4. g3 Be7 5. Bg2 d6 6. 0-0 h5 7. h4 Nh6 8. Ng5 Ng4 9. Nh3 Bd7 10. Nc3 Nd4 11. Ne2 Nxe2+ 12. Qxe2 1/2-1/2

[Event "HUN-chT2 Erkel 0304"]
[Site "Hungary"]
[Date "2003.11.30"]
[Round "4"]
[White "Szabo, Ervin"]
[Black "Nagy, Karoly"]
[Result "1/2-1/2"]
[WhiteElo "2151"]
[BlackElo "2192"]
[PlyCount "71"]
[EventDate "2003.09.28"]
[EventType "team-tourn"]
[EventRounds "11"]
[EventCountry "HUN"]
[SourceTitle "EXT 2009"]
[Source "ChessBase"]
[SourceDate "2008.11.26"]
[SourceVersion "1"]
[SourceVersionDate "2008.11.26"]
[SourceQuality "1"]
[WhiteTeam "Garancia"]
[BlackTeam "Szekuritas"]
[WhiteTeamCountry "HUN"]
[BlackTeamCountry "HUN"]

1. d4 d5 2. e3 Nf6 3. Bd3 b6 4. Nd2 Bb7 5. c3 c5 6. Qe2 g6 7. f4 Bg7 8. Nh3 0-0 9. 0-0 a5 10. dxc5 bxc5 11. Nf2 Qc7 12. e4 Qxf4 13. e5 Ne8 14. Nf3 Qa4 15. e6 f6 16. Be3 Qc6 17. Bf4 Nd6 18. Rfe1 Ba6 19. Rad1 Bb7 20. h4 f5 21. Ne5 Bxe5 22. Qxe5 Ne4 23. Bh6 Nf6 24. Bxf8 Kxf8 25. Be2 Na6 26. h5 Nc7 27. Bf3 Ra6 28. g4 Qd6 29. hxg6 hxg6 30. gxf5 gxf5 31. c4 Nxe6 32. Bxd5 Bxd5 33. cxd5 Nd4 34. Kf1 Nxd5 35. Qxd6 Rxd6 36. Rc1 1/2-1/2

[Event "Fuzesabony op"]
[Site "Fuzesabony"]
[Date "2003.08.09"]
[Round "3"]
[White "Nagy, Karoly"]
[Black "Hajnal, Zoltan"]
[Result "0-1"]
[WhiteElo "2157"]
[BlackElo "2403"]
[PlyCount "119"]
[EventDate "2003.08.08"]
[EventType "swiss"]
[EventRounds "6"]
[EventCountry "HUN"]
[SourceTitle "EXT 2005"]
[Source "ChessBase"]
[SourceDate "2004.11.15"]
[SourceVersion "1"]
[SourceVersionDate "2004.11.15"]
[SourceQuality "1"]

1. e4 e5 2. Nc3 Nc6 3. Bc4 Nf6 4. d3 Na5 5. Bb3 Nxb3 6. axb3 Bb4 7. Nf3 d5 8. exd5 Nxd5 9. Bd2 Bg4 10. h3 Bxf3 11. Qxf3 c6 12. 0-0 0-0 13. Qg3 f6 14. Nxd5 Bxd2 15. Ne3 Ba5 16. Qg4 Qc7 17. Rfd1 g6 18. Qc4+ Kh8 19. d4 exd4 20. Rxd4 Qe7 21. Rad1 Rad8 22. Rxd8 Bxd8 23. b4 Bb6 24. Rd3 a6 25. Qf4 Bc7 26. Qg4 f5 27. Qd4+ Be5 28. Qd7 Qxb4 29. Rb3 Qd4 30. Rxb7 Qxd7 31. Rxd7 Bxb2 32. Ra7 f4 33. Nc4 Bd4 34. Rxa6 Rb8 35. Kf1 Rb1+ 36. Ke2 Rg1 37. Kf3 Rf1 38. Kxf4 Rxf2+ 39. Kg3 Rf6 40. Ra8+ Kg7 41. Rd8 c5 42. Rd7+ Kh6 43. Rd5 Rf1 44. c3 Bf2+ 45. Kf3 Bg1+ 46. Kg3 Bf2+ 47. Kf3 Bh4+ 48. Kg4 Be7 49. Rd7 Re1 50. Kf3 Bf6 51. Rd5 Rc1 52. Rxc5 Rxc3+ 53. Kg4 Bd4 54. Rc8 Bf2 55. Kf4 Bg1 56. Nd6 Bh2+ 57. Ke4 Rg3 58. Rc2 Kh5 59. Nc4 Kg5 60. Ne3 0-1

[Event "Fuzesabony op"]
[Site "Fuzesabony"]
[Date "2003.08.09"]
[Round "4"]
[White "Virag, Attila Aba"]
[Black "Nagy, Karoly"]
[Result "1-0"]
[WhiteElo "2077"]
[BlackElo "2157"]
[PlyCount "35"]
[EventDate "2003.08.08"]
[EventType "swiss"]
[EventRounds "6"]
[EventCountry "HUN"]
[SourceTitle "EXT 2005"]
[Source "ChessBase"]
[SourceDate "2004.11.15"]
[SourceVersion "1"]
[SourceVersionDate "2004.11.15"]
[SourceQuality "1"]

1. e4 d6 2. d4 Nf6 3. Nc3 c6 4. f4 Qa5 5. Bd3 Bg4 6. Nf3 e6 7. 0-0 Nbd7 8. e5 Nd5 9. Ne4 Qc7 10. a3 c5 11. dxc5 dxe5 12. fxe5 Bxc5+ 13. Kh1 0-0 14. Nxc5 Nxc5 15. Bxh7+ Kxh7 16. Ng5+ Kg8 17. Qxg4 Qxe5 18. Qh4 1-0